LEARNING AND DEVELOPMENT (Record no. 6753)

MARC details
000 -LEADER
fixed length control field 00392nam a22001697a 4500
003 - CONTROL NUMBER IDENTIFIER
control field OSt
005 - DATE AND TIME OF LATEST TRANSACTION
control field 20210924115416.0
008 - FIXED-LENGTH DATA ELEMENTS--GENERAL INFORMATION
fixed length control field 210924b |||||||| |||| 00| 0 eng d
020 ## - INTERNATIONAL STANDARD BOOK NUMBER
International Standard Book Number 0852929277
040 ## - CATALOGING SOURCE
Transcribing agency HU
082 ## - DEWEY DECIMAL CLASSIFICATION NUMBER
Classification number 153.15/HAR
100 ## - MAIN ENTRY--PERSONAL NAME
Personal name ROSEMARY HARRISON
9 (RLIN) 7101
245 ## - TITLE STATEMENT
Title LEARNING AND DEVELOPMENT
260 ## - PUBLICATION, DISTRIBUTION, ETC.
Place of publication, distribution, etc. LONDON
Name of publisher, distributor, etc. CIPD
Date of publication, distribution, etc. 2002
300 ## - PHYSICAL DESCRIPTION
Extent 498P
942 ## - ADDED ENTRY ELEMENTS (KOHA)
Source of classification or shelving scheme Dewey Decimal Classification
Koha item type Books like text book referance book
Suppress in OPAC No
Holdings
Withdrawn status Lost status Source of classification or shelving scheme Damaged status Not for loan Home library Current library Shelving location Date acquired Total Checkouts Full call number Barcode Date last seen Copy number Price effective from Koha item type
    Dewey Decimal Classification     Social Library Social Library General Stacks 09/24/2021   153.15HAR SHLIB00000625 09/24/2021 1 09/24/2021 Books like text book referance book
    Dewey Decimal Classification     Social Library Social Library General Stacks 09/24/2021   153.15HAR SHLIB00000626 09/24/2021 2 09/24/2021 Books like text book referance book